| 000 | 00342nam a22001217a 4500 | ||
|---|---|---|---|
| 008 | 181123b xxu||||| |||| 00| 0 eng d | ||
| 041 | _aeng | ||
| 080 | _a043.3 | ||
| 100 | _a0 | ||
| 101 | _aMTH-SHJ | ||
| 245 |
_aRrugetimi i Kosoves deri te kPavaresia, procesi Integrimit Evropian dhe Efektet Politike te MSA-se _cSalihu, A |
||
| 942 |
_2udc _cBK |
||
| 999 |
_c52445 _d52445 |
||